000 00897nac a22002777a 4500
001 BR5300105
003 BR-BrBNA
005 20240105112906.0
008 230509b bl.|||m| |||| 00| 0 por d
040 _aBR-BrBNA
_bpor
_cBiblioteca Nacional de Agricultura
072 _aF70
090 _aF70 BR5300105
100 1 _aKostermans, A.J.G.H.
110 1 _aInstituto Agronomico do Norte, Belem, PA (Brasil)
_95627
245 1 _aNotas sobre as Lauraceae-Lauroideae sul americana [Taxonomia vegetal; Brasil]
260 3 _aBelem, PA (Brasil):
_c1953.
300 _ap. 49-76
490 _aBoletim Tecnico do Instituto Agronomico do Norte (Brazil)
_vno. 28
_x
500 _aSummaries (En, Fr)
650 _aTAXONOMIA VEGETAL
650 _aPLANTA
650 _aDISTRIBUICAO GEOGRAFICA
650 _aAMERICA DO SUL
909 _a202312
_bLúcia Elande
_c55
_dLúcia Elande
942 _2AGRIS
_n0
_cMS
999 _c260801
_d260801